[Event "SPb Summer"]
[Site "St Petersburg"]
[Date "2016.08.18"]
[Round "2.24"]
[White "Kolomensky, Vladimir"]
[Black "Brugo, Marco"]
[Result "1-0"]
[WhiteElo "2196"]
[BlackElo "2053"]
[PlyCount "87"]
[EventDate "2016.08.17"]
[EventType "swiss"]
[EventCountry "RUS"]

1. e4 e6 2. d4 d5 3. Nd2 Nf6 4. e5 Nfd7 5. Bd3 c5 6. c3 Nc6 7. Ne2 cxd4 8. cxd4
f6 9. exf6 Nxf6 10. O-O Bd6 11. Nf3 O-O 12. Nc3 Bd7 13. Be3 Be8 14. Ng5 Qd7 15.
h3 h6 16. Nf3 Nh5 17. Bb5 Qe7 18. Re1 Qf6 19. Bxc6 bxc6 20. Ne5 Nf4 21. Rc1
Bxe5 22. dxe5 Qxe5 23. Qd2 Bd7 24. Ne2 Ng6 25. Bc5 Rf7 26. Bd4 Qf5 27. Ng3 Qf4
28. Qxf4 Rxf4 29. Ne2 Rff8 30. Nc3 Rfe8 31. Be5 Nxe5 32. Rxe5 c5 33. Ne2 Rac8
34. f4 Rc6 35. Kf2 Rb8 36. b3 c4 37. Nd4 Ra6 38. Rc2 cxb3 39. axb3 Rc8 40.
Rxc8+ Bxc8 41. f5 exf5 42. Re8+ Kf7 43. Rxc8 Kf6 44. Rc6+ 1-0

[Event "SPb Summer"]
[Site "St Petersburg"]
[Date "2016.08.18"]
[Round "2.25"]
[White "Pavlova, Natalia"]
[Black "Markevich, Ilya"]
[Result "0-1"]
[WhiteElo "1977"]
[BlackElo "2195"]
[PlyCount "66"]
[EventDate "2016.08.17"]
[EventType "swiss"]
[EventCountry "RUS"]

1. Nf3 d5 2. g3 e6 3. Bg2 c5 4. O-O Nc6 5. c4 Nf6 6. d4 Be7 7. cxd5 exd5 8. Nc3
O-O 9. Bg5 c4 10. Ne5 Be6 11. f4 Qb6 12. Nxc6 bxc6 13. Qd2 Rab8 14. f5 Bd7 15.
Rab1 Rfe8 16. Kh1 h6 17. Bh4 Qa6 18. Qf4 Nh5 19. Qg4 Bxh4 20. Qxh4 Nf6 21. g4
c5 22. Rf4 Qd6 23. g5 hxg5 24. Qxg5 cxd4 25. Rxd4 Qe5 26. Rf4 d4 27. Ne4 c3 28.
b3 c2 29. Rc1 Rbc8 30. Bf3 Nxe4 31. Rxe4 Qxf5 32. Qg2 Rxe4 33. Rg1 Qf6 0-1

[Event "SPb Summer"]
[Site "St Petersburg"]
[Date "2016.08.18"]
[Round "2.26"]
[White "Frolov, Lev"]
[Black "Lagashin, Pavel"]
[Result "0-1"]
[WhiteElo "1967"]
[BlackElo "2186"]
[PlyCount "52"]
[EventDate "2016.08.17"]
[EventType "swiss"]
[EventCountry "RUS"]

1. d4 d5 2. c4 c6 3. Nc3 Nf6 4. Nf3 e6 5. Bg5 h6 6. Bh4 dxc4 7. e4 g5 8. Bg3 b5
9. Be2 Bb7 10. h4 g4 11. Ne5 Nbd7 12. Nxg4 Nxg4 13. Bxg4 Rg8 14. Bf3 Qb6 15. d5
O-O-O 16. Qc2 exd5 17. exd5 Re8+ 18. Kf1 b4 19. dxc6 Bxc6 20. Bxc6 Qxc6 21. Ne2
Bd6 22. Rc1 Bxg3 23. Nxg3 Ne5 24. Rh3 Kb7 25. Ne4 f5 26. f4 Ng4 0-1

[Event "SPb Summer"]
[Site "St Petersburg"]
[Date "2016.08.18"]
[Round "2.27"]
[White "Puraev, Artemiy"]
[Black "Mestnikov, Aital"]
[Result "1-0"]
[WhiteElo "2179"]
[BlackElo "2040"]
[PlyCount "67"]
[EventDate "2016.08.17"]
[EventType "swiss"]
[EventCountry "RUS"]

1. Nf3 Nf6 2. g3 g6 3. b3 Bg7 4. Bb2 O-O 5. c4 c6 6. Bg2 d5 7. O-O Nbd7 8. d3
Re8 9. Nbd2 e5 10. cxd5 Nxd5 11. Qc2 Qe7 12. a3 N7b6 13. Nc4 Nxc4 14. bxc4 Nc7
15. Nd2 Ne6 16. e3 Qc7 17. Nb3 c5 18. Rac1 Bd7 19. f4 exf4 20. Bxg7 Nxg7 21.
Rxf4 Bc6 22. Bd5 Bxd5 23. cxd5 Rad8 24. Rcf1 Nf5 25. Qf2 Nxe3 26. Rxf7 Qb6 27.
Qb2 Nf5 28. R1xf5 Re1+ 29. Kg2 Re2+ 30. Qxe2 gxf5 31. Qe7 Qh6 32. Rg7+ Qxg7 33.
Qxd8+ Kf7 34. Qd7+ 1-0

[Event "SPb Summer"]
[Site "St Petersburg"]
[Date "2016.08.18"]
[Round "2.28"]
[White "Kuznetsov, Mikhail"]
[Black "Pogosian, Vladimir"]
[Result "0-1"]
[WhiteElo "1699"]
[BlackElo "2178"]
[PlyCount "222"]
[EventDate "2016.08.17"]
[EventType "swiss"]
[EventCountry "RUS"]

1. e4 g6 2. d4 Bg7 3. Be3 b6 4. Nc3 Bb7 5. Nf3 d6 6. Bd3 Nd7 7. O-O e6 8. Qd2
h6 9. Rfe1 Ne7 10. Rad1 a6 11. a4 g5 12. h3 O-O 13. Qe2 Ng6 14. e5 Bxf3 15.
Qxf3 dxe5 16. d5 Nh4 17. Qe2 Qe7 18. dxe6 fxe6 19. Be4 Rad8 20. Qc4 Nf6 21. Bb7
a5 22. Qc6 Nf5 23. Nb5 Rxd1 24. Rxd1 Nd5 25. Nxc7 Nfxe3 26. fxe3 Nxc7 27. Rd7
Qf6 28. Qxc7 e4 29. Bxe4 Qxb2 30. Rd1 Qe5 31. Qxe5 Bxe5 32. Rd7 Bg3 33. Bf3 Rc8
34. Bd1 Rc3 35. Rd3 Rc5 36. e4 Be5 37. Bg4 Kf7 38. Rd7+ Kf6 39. Bh5 Bg3 40. Rd3
Bc7 41. c3 Ke5 42. Re3 Rc4 43. Be8 Bd6 44. Bb5 Rc7 45. Rf3 Kxe4 46. Kf1 Be5 47.
c4 h5 48. Ke2 Bd4 49. Ba6 g4 50. Rf1 Be5 51. hxg4 hxg4 52. Bb5 Bf4 53. Rd1 Be5
54. Rd7 Rc8 55. Re7 Kf5 56. Bd7 Rd8 57. Bxe6+ Kg5 58. Bd5 Bd4 59. Re6 Rf8 60.
Kd3 Bc5 61. Re2 Rf1 62. Bc6 Rd1+ 63. Rd2 Rb1 64. Ke4 Re1+ 65. Kd3 Re3+ 66. Kc2
Bb4 67. Rd4 Kh4 68. Bf3 Kg3 69. Rxg4+ Kf2 70. Rd4 Rc3+ 71. Kb2 Ra3 72. Bc6 Re3
73. Re4 Rd3 74. Kc2 Rd2+ 75. Kb3 Bc5 76. Kc3 Rd6 77. Bd5 Kg3 78. Re6 Rd8 79.
Kd3 Rf8 80. Bf3 Rh8 81. Rg6+ Kf2 82. Rf6 Rh4 83. Be4+ Ke1 84. Rf5 Rg4 85. Re5
Rg7 86. Bd5+ Kd1 87. Bf3+ Kc1 88. Kc3 Bb4+ 89. Kb3 Rh7 90. Re2 Bd2 91. Rf2 Re7
92. Rf1+ Be1 93. c5 bxc5 94. Kc4 Kc2 95. Rxe1 Rxe1 96. Kxc5 Kb3 97. Bc6 Re5+
98. Kb6 Kb4 99. Bb5 Rg5 100. Bc6 Rg6 101. Kb7 Kc5 102. Bf3 Rf6 103. Kc7 Rf7+
104. Kc8 Rf4 105. Bd1 Rd4 106. Bc2 Kb4 107. Kb7 Rd2 108. Be4 Kxa4 109. g4 Kb4
110. g5 Rd4 111. Bc6 Rg4 0-1

[Event "SPb Summer"]
[Site "St Petersburg"]
[Date "2016.08.18"]
[Round "2.29"]
[White "Nordquelle, Daniel"]
[Black "Kuzmichev, Artem"]
[Result "0-1"]
[WhiteElo "2176"]
[BlackElo "1917"]
[PlyCount "128"]
[EventDate "2016.08.17"]
[EventType "swiss"]
[EventCountry "RUS"]

1. e4 c5 2. c3 Nf6 3. e5 Nd5 4. d4 cxd4 5. Nf3 Nc6 6. cxd4 d6 7. Bc4 Nb6 8. Bb5
a6 9. Bxc6+ bxc6 10. Nc3 g6 11. Ne4 dxe5 12. Nxe5 Qd5 13. Nc3 Qxg2 14. Qf3 Qxf3
15. Nxf3 Bg7 16. Bf4 Be6 17. Be5 f6 18. Bg3 Nd5 19. O-O Nxc3 20. bxc3 h5 21.
Rfb1 Bd5 22. Nh4 Kf7 23. Rb7 c5 24. Rc7 cxd4 25. Re1 Rhe8 26. cxd4 Bxa2 27. f4
f5 28. Nf3 Bd5 29. Ne5+ Bxe5 30. Rxe5 Rad8 31. Ra7 Rd6 32. Bh4 Be6 33. Bg5 Rxd4
34. Rxa6 Rd1+ 35. Kf2 Rd2+ 36. Ke3 Red8 37. Ra3 Rxh2 38. Ra7 Rh3+ 39. Ke2 Rh2+
40. Ke3 Rh3+ 41. Ke2 Re8 42. Rc5 Rh2+ 43. Ke3 Ra2 44. Rcc7 Rxa7 45. Rxa7 Bb3
46. Rb7 Bd5 47. Ra7 Be4 48. Rc7 Ke6 49. Ra7 Kd6 50. Kd4 Bc6 51. Bh4 Bd7 52.
Ra6+ Kc7 53. Rxg6 Ra8 54. Bxe7 Ra4+ 55. Kd5 Be8 56. Bd6+ Kd8 57. Rg8 Ra1 58.
Be5 Ra6 59. Bd6 Ra7 60. Rh8 Ra5+ 61. Ke6 Ra6 62. Rh7 Rc6 63. Kd5 Ra6 64. Rb7
Bc6+ 0-1

[Event "SPb Summer"]
[Site "St Petersburg"]
[Date "2016.08.18"]
[Round "2.30"]
[White "Lapin, Nikita"]
[Black "Artamonov, Valery"]
[Result "0-1"]
[WhiteElo "1641"]
[BlackElo "2240"]
[PlyCount "76"]
[EventDate "2016.08.17"]
[EventType "swiss"]
[EventCountry "RUS"]

1. e4 c5 2. Nf3 Nc6 3. Bb5 g6 4. O-O Bg7 5. c3 d5 6. exd5 Qxd5 7. h3 a6 8.
Bxc6+ Qxc6 9. d4 cxd4 10. Nxd4 Qc7 11. Be3 Nf6 12. Qf3 O-O 13. Nd2 e5 14. N4b3
Bd7 15. Ne4 Nxe4 16. Qxe4 a5 17. Rad1 a4 18. Nc5 Bb5 19. Rfe1 b6 20. Qb4 Bc6
21. Nd3 Qb7 22. Qxb6 Bxg2 23. Qxb7 Bxb7 24. Nc5 Bf3 25. Rd3 Rfb8 26. b4 e4 27.
Rd7 Bxc3 28. Rb1 Rxb4 29. Rxb4 Bxb4 30. Rd5 a3 31. Re5 Rd8 32. Nxe4 f5 33. Ng5
Bd5 34. Bb6 Bc3 35. Re3 Rc8 36. Re2 Bb2 37. Re3 f4 38. Re2 Rc1+ 0-1

[Event "SPb Summer"]
[Site "St Petersburg"]
[Date "2016.08.18"]
[Round "2.31"]
[White "Lovkov, Roman"]
[Black "Efremov, Vladislav"]
[Result "1-0"]
[WhiteElo "2451"]
[BlackElo "1937"]
[PlyCount "49"]
[EventDate "2016.08.17"]
[EventType "swiss"]
[EventCountry "RUS"]

1. d4 d5 2. c4 e6 3. Nf3 c6 4. g3 dxc4 5. Bg2 b5 6. O-O Nd7 7. a4 Bb7 8. Ne5
Nxe5 9. dxe5 Qxd1 10. Rxd1 a6 11. axb5 axb5 12. Rxa8+ Bxa8 13. Nc3 Bc5 14. Ne4
Be7 15. Be3 Nh6 16. Bc5 Nf5 17. Ra1 O-O 18. Nd6 f6 19. e4 Nh6 20. Ra7 Bxd6 21.
exd6 Nf7 22. d7 Rb8 23. Rc7 Rd8 24. Be7 Rb8 25. Rc8+ 1-0

[Event "SPb Summer"]
[Site "St Petersburg"]
[Date "2016.08.18"]
[Round "2.32"]
[White "Borisovsky, Dmitry"]
[Black "Egorov, Daniil"]
[Result "1-0"]
[WhiteElo "2298"]
[BlackElo "2030"]
[PlyCount "59"]
[EventDate "2016.08.17"]
[EventType "swiss"]
[EventCountry "RUS"]

1. e4 c5 2. Nf3 d6 3. d4 cxd4 4. Nxd4 Nf6 5. Nc3 Nc6 6. Bg5 e6 7. Qd2 a6 8.
O-O-O Bd7 9. f4 b5 10. Bxf6 gxf6 11. Kb1 Qb6 12. Nxc6 Bxc6 13. Bd3 b4 14. Ne2
Qc5 15. f5 e5 16. Ng3 h5 17. h4 a5 18. Qe2 Ke7 19. Nxh5 a4 20. g4 a3 21. Bc4
axb2 22. Bb3 Bh6 23. Nxf6 Kxf6 24. g5+ Ke7 25. f6+ Kf8 26. Rhg1 Bb5 27. Qd2 Ra6
28. gxh6 Bc4 29. h7 Bxb3 30. Rg8+ 1-0

[Event "SPb Summer"]
[Site "St Petersburg"]
[Date "2016.08.18"]
[Round "2.33"]
[White "Kuzmin, Yuriy"]
[Black "Kuzmishin, Leonid"]
[Result "1-0"]
[WhiteElo "2275"]
[BlackElo "1762"]
[PlyCount "83"]
[EventDate "2016.08.17"]
[EventType "swiss"]
[EventCountry "RUS"]

1. d4 e6 2. c4 c5 3. d5 exd5 4. cxd5 d6 5. Nc3 a6 6. a4 g6 7. h4 Bg7 8. h5 g5
9. e4 h6 10. Nge2 Nd7 11. Ng3 Ne5 12. Be2 Nf6 13. O-O O-O 14. Qc2 Qe7 15. Nd1
Neg4 16. Bd2 Re8 17. Bxg4 Nxg4 18. Bc3 Bxc3 19. Qxc3 Qe5 20. Qxe5 Rxe5 21. f3
Nf6 22. Ne3 Re8 23. Nc4 Rd8 24. a5 Ne8 25. Rfb1 Bd7 26. Nb6 Rab8 27. b4 cxb4
28. Rxb4 Bb5 29. Nf5 Kh7 30. g4 Nf6 31. Rc1 Nd7 32. Rc7 Ne5 33. Kg2 Bd3 34. Rb3
Bb5 35. Rbc3 Bd3 36. Re7 Bb5 37. Nd4 Be8 38. Ne6 Rd7 39. Nxd7 Bxd7 40. Rc7 Kg8
41. Nc5 Kf8 42. Rxe5 1-0

[Event "SPb Summer"]
[Site "St Petersburg"]
[Date "2016.08.18"]
[Round "2.34"]
[White "Fridman, Anatoly"]
[Black "Shidlovskiy, Artemiy"]
[Result "1-0"]
[WhiteElo "2191"]
[BlackElo "1884"]
[PlyCount "119"]
[EventDate "2016.08.17"]
[EventType "swiss"]
[EventCountry "RUS"]

1. e4 c5 2. Nf3 d6 3. d4 cxd4 4. Nxd4 Nf6 5. Nc3 Nc6 6. h3 g6 7. Be3 Bg7 8. Qd2
O-O 9. O-O-O Nxd4 10. Bxd4 Be6 11. g4 a6 12. f4 Rc8 13. Bg2 b5 14. f5 Bc4 15.
Kb1 b4 16. Na4 Rb8 17. Qf2 Nd7 18. b3 Bxd4 19. Qxd4 Bb5 20. Nb2 Nc5 21. Bf1
Bxf1 22. Rhxf1 Qb6 23. Qd2 Rbd8 24. f6 Rfe8 25. g5 e6 26. Nd3 Nxd3 27. Qxd3 d5
28. e5 Rc8 29. Qd4 Qc5 30. Qxc5 Rxc5 31. Rd4 a5 32. Rf2 Rc3 33. Rd3 Rxd3 34.
cxd3 Rc8 35. Kb2 h6 36. h4 h5 37. a3 Kf8 38. axb4 axb4 39. Rf4 Rb8 40. Rf1 Ke8
41. Ra1 Rb7 42. Ra8+ Kd7 43. Kc2 Kc6 44. Kd2 d4 45. Ke2 Rb5 46. Rc8+ Kd5 47.
Rc7 Kxe5 48. Kf3 Kd5 49. Rxf7 Rb8 50. Re7 Ke5 51. Ra7 Rc8 52. Ra5+ Kd6 53. Ke4
Rc1 54. Kxd4 Rf1 55. Ra6+ Kd7 56. Kc5 e5 57. Kd5 Rc1 58. Ra7+ Ke8 59. Ke6 Rc6+
60. Kxe5 1-0

[Event "SPb Summer"]
[Site "St Petersburg"]
[Date "2016.08.18"]
[Round "2.35"]
[White "Averyanov, Grigori"]
[Black "Afanasiev, Nikita"]
[Result "1/2-1/2"]
[WhiteElo "1821"]
[BlackElo "2349"]
[PlyCount "106"]
[EventDate "2016.08.17"]
[EventType "swiss"]
[EventCountry "RUS"]

1. d4 d6 2. c4 g6 3. Nc3 Bg7 4. e4 Nc6 5. Be3 e5 6. Nge2 Nf6 7. d5 Ne7 8. f3 c5
9. Qd2 h6 10. g4 a6 11. Ng3 h5 12. g5 Nh7 13. h4 f6 14. gxf6 Bxf6 15. O-O-O Bd7
16. a4 Nc8 17. Qg2 Qe7 18. Qh2 Rb8 19. Bh3 Nb6 20. Bxd7+ Nxd7 21. Qh3 Nb6 22.
b3 Nd7 23. Qe6 Nhf8 24. Qxe7+ Kxe7 25. Kd2 Nh7 26. Ke2 Rhf8 27. Rdg1 Rf7 28.
Rg2 Ke8 29. Rgg1 Bd8 30. Kf2 Ndf6 31. Kg2 Ba5 32. Nge2 Ke7 33. Rh3 Rg8 34. Rg3
Ne8 35. Bh6 Rf6 36. Kf2 Nc7 37. Ke3 b5 38. axb5 axb5 39. Nxb5 Nxb5 40. cxb5 c4
41. Rb1 Bb6+ 42. Kd2 cxb3 43. Rxb3 Bf2 44. Rh3 Rb8 45. Rh2 Bc5 46. Rg2 Kd7 47.
Be3 Rxf3 48. Rxg6 Nf6 49. Ng3 Ng4 50. Rg7+ Kc8 51. Rg8+ Kc7 52. Rg7+ Kc8 53.
Rg8+ Kb7 1/2-1/2

[Event "SPb Summer"]
[Site "St Petersburg"]
[Date "2016.08.18"]
[Round "2.36"]
[White "Bazeev, German"]
[Black "Trushnikov, Viacheslav"]
[Result "1-0"]
[WhiteElo "2288"]
[BlackElo "1758"]
[PlyCount "123"]
[EventDate "2016.08.17"]
[EventType "swiss"]
[EventCountry "RUS"]

1. d4 Nf6 2. c4 e6 3. Nf3 b6 4. g3 Bb4+ 5. Bd2 Bxd2+ 6. Nbxd2 Bb7 7. Bg2 O-O 8.
O-O d5 9. Rc1 dxc4 10. Nxc4 Nbd7 11. Qb3 Qe7 12. Rfd1 c5 13. Qa3 Rfd8 14. Nfe5
Bxg2 15. Kxg2 Nxe5 16. dxe5 Ne8 17. f3 Qc7 18. f4 Rxd1 19. Rxd1 Rd8 20. Rxd8
Qxd8 21. Qf3 Kf8 22. b3 Qd5 23. g4 Qxf3+ 24. Kxf3 Ke7 25. a4 Kd7 26. f5 Kc6 27.
e4 a6 28. Nb2 b5 29. a5 Nc7 30. Ke3 f6 31. exf6 gxf6 32. Kf4 Kd6 33. Nd1 c4 34.
b4 h6 35. h4 Ke7 36. Nc3 Kd6 37. Ne2 Ke7 38. Ke3 exf5 39. gxf5 Kd6 40. Kd4 Ne8
41. Nf4 Nc7 42. Ng2 Ne8 43. Ne3 Kc6 44. Ng4 h5 45. Ne3 Kd6 46. Nd5 Kc6 47. Nf4
Ng7 48. Nd5 Ne8 49. e5 fxe5+ 50. Kxe5 Nd6 51. Nc3 Kd7 52. f6 Nf7+ 53. Kd5 Nd8
54. Kc5 Kc7 55. Ne4 Ne6+ 56. Kd5 Kd7 57. Ke5 Nc7 58. Nc5+ Ke8 59. Kd6 c3 60.
Kxc7 c2 61. Nb3 Kf7 62. Kb6 1-0

[Event "SPb Summer"]
[Site "St Petersburg"]
[Date "2016.08.18"]
[Round "2.37"]
[White "Stroganov, Anatoly"]
[Black "Zaykov, Sergey"]
[Result "1-0"]
[WhiteElo "1762"]
[BlackElo "2156"]
[PlyCount "73"]
[EventDate "2016.08.17"]
[EventType "swiss"]
[EventCountry "RUS"]

1. d4 Nf6 2. Nf3 c6 3. e3 d5 4. Bd3 Bg4 5. Nbd2 e6 6. c4 Nbd7 7. O-O Bd6 8. Qc2
Bh5 9. Ng5 Bxh2+ 10. Kxh2 Ng4+ 11. Kg1 Qxg5 12. e4 dxe4 13. Nxe4 Qh4 14. Bf4
Bg6 15. Bg3 Qh5 16. Nd6+ Kf8 17. Nxb7 Bxd3 18. Qxd3 Qg6 19. Rfd1 Qxd3 20. Rxd3
Ngf6 21. f3 h5 22. Kf2 g5 23. b4 Kg7 24. a4 a6 25. Rda3 h4 26. Bd6 h3 27. g4
Ne8 28. Bh2 f5 29. gxf5 exf5 30. Rg1 Kf6 31. Nc5 Nxc5 32. Be5+ Kg6 33. Bxh8 Nd7
34. f4 g4 35. Rxh3 Nd6 36. Rh4 Ne4+ 37. Ke3 1-0

[Event "SPb Summer"]
[Site "St Petersburg"]
[Date "2016.08.18"]
[Round "2.38"]
[White "Yun, Vyacheslav"]
[Black "Mestnikov, Aisen"]
[Result "1/2-1/2"]
[WhiteElo "1750"]
[BlackElo "2126"]
[PlyCount "73"]
[EventDate "2016.08.17"]
[EventType "swiss"]
[EventCountry "RUS"]

1. e4 e5 2. f4 exf4 3. Nf3 g5 4. h4 g4 5. Ne5 d6 6. Nxg4 Nf6 7. Nxf6+ Qxf6 8.
Nc3 Nc6 9. d3 Bh6 10. Nd5 Qg6 11. Qf3 Nd4 12. Qf2 Ne6 13. Nxf4 Nxf4 14. Bxf4
Bxf4 15. Qxf4 Be6 16. O-O-O O-O-O 17. Qe3 Kb8 18. Be2 Rhg8 19. Rdf1 Qg3 20.
Qxg3 Rxg3 21. Bf3 Rdg8 22. Rf2 R8g7 23. Rhf1 Kc8 24. d4 Bg4 25. Bxg4+ R3xg4 26.
Rxf7 Rxg2 27. e5 dxe5 28. dxe5 R2g6 29. e6 Kd8 30. Rd1+ Ke8 31. Rdd7 Rg1+ 32.
Kd2 R7g2+ 33. Kc3 Re1 34. Rxh7 Rxe6 35. Rxc7 b5 36. Kb4 Rb6 37. Kc5 1/2-1/2

[Event "SPb Summer"]
[Site "St Petersburg"]
[Date "2016.08.18"]
[Round "2.39"]
[White "Grigoriev, Oleg"]
[Black "Klinkov, Evgeny"]
[Result "1-0"]
[WhiteElo "2033"]
[BlackElo "1738"]
[PlyCount "78"]
[EventDate "2016.08.17"]
[EventType "swiss"]
[EventCountry "RUS"]

1. e4 c5 2. Nf3 d6 3. d4 cxd4 4. Nxd4 Nf6 5. Nc3 g6 6. Be3 Bg7 7. f3 O-O 8. Qd2
Nc6 9. O-O-O Bd7 10. h4 Qa5 11. Kb1 Rfc8 12. g4 Ne5 13. h5 Nc4 14. Bxc4 Rxc4
15. hxg6 fxg6 16. Nb3 Qc7 17. g5 Nh5 18. Nd5 Qd8 19. Nb6 Rxc2 20. Qxc2 axb6 21.
Qc4+ Kh8 22. Bd4 e5 23. Be3 Ra4 24. Qd5 Bf8 25. Qxb7 b5 26. Nc5 Bc8 27. Qxb5
Ra5 28. Qc6 Nf4 29. Nb7 Bxb7 30. Qxb7 Bg7 31. Bb6 Qa8 32. Qxa8+ Rxa8 33. Rxd6
Bf8 34. Rd7 h5 35. gxh6 Rb8 36. Bc7 Rb5 37. Rd8 Ne6 38. Re8 Nxc7 39. Rxf8+ Kh7
1-0

[Event "SPb Summer"]
[Site "St Petersburg"]
[Date "2016.08.18"]
[Round "2.40"]
[White "Romanov, Aleksandr"]
[Black "Krukovsky, Alexander"]
[Result "0-1"]
[WhiteElo "1722"]
[BlackElo "2024"]
[PlyCount "59"]
[EventDate "2016.08.17"]
[EventType "swiss"]
[EventCountry "RUS"]

1. c4 Nf6 2. d4 c5 3. e3 e6 4. Nc3 g6 5. Nf3 Bg7 6. Be2 O-O 7. O-O cxd4 8. exd4
d5 9. cxd5 Nxd5 10. Qb3 Nc6 11. Nxd5 Qxd5 12. Qxd5 exd5 13. Be3 Re8 14. Bb5 Bd7
15. Bxc6 Bxc6 16. Rac1 Bb5 17. Rfe1 Bc6 18. Rc5 f5 19. a3 Re6 20. Rcc1 Rae8 21.
Bd2 Kf7 22. Rxe6 Rxe6 23. Re1 Bf6 24. g3 h5 25. h4 Rxe1+ 26. Bxe1 Ke6 27. Kf1
f4 28. Kg2 Kf5 29. Bd2 Ke4 30. Kf1 0-1

[Event "SPb Summer"]
[Site "St Petersburg"]
[Date "2016.08.18"]
[Round "2.41"]
[White "Korobitsyn, Daniil"]
[Black "Afanasiev, Nikita A"]
[Result "1-0"]
[WhiteElo "2021"]
[BlackElo "1716"]
[PlyCount "75"]
[EventDate "2016.08.17"]
[EventType "swiss"]
[EventCountry "RUS"]

1. e4 Nf6 2. e5 Nd5 3. d4 d6 4. exd6 cxd6 5. c3 Nc6 6. Bc4 Nb6 7. Bb3 g6 8. Qf3
e6 9. Ne2 Bg7 10. h4 Bd7 11. Bg5 f6 12. Be3 Qe7 13. Nd2 Na5 14. Bc2 Bc6 15. Qg3
Nac4 16. Nxc4 Nxc4 17. Bc1 e5 18. b3 Nb6 19. O-O f5 20. Re1 O-O-O 21. a4 Bf6
22. Ba3 Qg7 23. a5 Nd5 24. c4 Ne7 25. d5 f4 26. Qf3 Be8 27. Rac1 Bf7 28. Be4
Kb8 29. c5 Nf5 30. c6 Rc8 31. Bxf5 gxf5 32. Bxd6+ Ka8 33. cxb7+ Kxb7 34. a6+
Ka8 35. Bxe5 Bxe5 36. d6+ Bd5 37. Qxd5+ Kb8 38. d7 1-0

[Event "SPb Summer"]
[Site "St Petersburg"]
[Date "2016.08.18"]
[Round "2.42"]
[White "Zakharov, Yuri"]
[Black "Grausgruber, Rene"]
[Result "1-0"]
[WhiteElo "1703"]
[BlackElo "2014"]
[PlyCount "69"]
[EventDate "2016.08.17"]
[EventType "swiss"]
[EventCountry "RUS"]

1. Nf3 d5 2. g3 Nc6 3. d4 g6 4. Bg2 Bg7 5. c3 Bf5 6. O-O Qd7 7. Re1 O-O-O 8.
Nbd2 Nf6 9. b4 Ne4 10. Qb3 h5 11. Nxe4 dxe4 12. Ng5 f6 13. Nxe4 h4 14. Nc5 Qd6
15. Nxb7 Kb8 16. Nxd6 Rxd6 17. Bf4 e5 18. Be3 hxg3 19. hxg3 e4 20. a4 g5 21. a5
Be6 22. Qb2 f5 23. Bxg5 Rh5 24. Qc1 Bc4 25. b5 Nd8 26. b6 Nf7 27. bxc7+ Kxc7
28. Bf4 Bh6 29. Bxd6+ Kxd6 30. Qa3+ Ke6 31. Qc5 Nd6 32. Qe5+ Kd7 33. d5 Bg5 34.
Qe6+ Kc7 35. Qg6 1-0

[Event "SPb Summer"]
[Site "St Petersburg"]
[Date "2016.08.18"]
[Round "2.43"]
[White "Kiseleva, Arina"]
[Black "Kuizhev, Adam"]
[Result "1-0"]
[WhiteElo "1999"]
[BlackElo "1700"]
[PlyCount "87"]
[EventDate "2016.08.17"]
[EventType "swiss"]
[EventCountry "RUS"]

1. Nf3 Nf6 2. d4 g6 3. c4 d5 4. cxd5 Nxd5 5. e4 Nb6 6. h3 Bg7 7. Nc3 O-O 8. Be2
e6 9. O-O Nc6 10. Be3 Bd7 11. Qd2 Nc8 12. Bh6 Nd6 13. Bxg7 Kxg7 14. e5 Nf5 15.
Ne4 h5 16. Nf6 Rh8 17. Rfd1 Nce7 18. Ng5 Nd5 19. Nge4 Nxf6 20. Nxf6 h4 21. Bf3
Rb8 22. d5 b6 23. Qc3 Qc8 24. Rac1 exd5 25. Nxd7 Qxd7 26. Bxd5 Qe7 27. e6+ f6
28. Qxc7 Rbc8 29. Qf4 Rhd8 30. Rxc8 Rxc8 31. Bf3 Rc7 32. Qxc7 Qxc7 33. Rd7+ Kf8
34. Rxc7 Ne7 35. Rxa7 g5 36. Rb7 f5 37. Rxb6 Kg7 38. Rb7 Kf6 39. Rxe7 Kxe7 40.
a4 Kf6 41. a5 Ke7 42. a6 Kf6 43. a7 Ke7 44. a8=Q 1-0

[Event "SPb Summer"]
[Site "St Petersburg"]
[Date "2016.08.18"]
[Round "2.44"]
[White "Pitkanen, Juhani"]
[Black "Stepanov, Andrey"]
[Result "0-1"]
[WhiteElo "1676"]
[BlackElo "1995"]
[PlyCount "80"]
[EventDate "2016.08.17"]
[EventType "swiss"]
[EventCountry "RUS"]

1. d4 Nf6 2. Bf4 g6 3. Nc3 d5 4. Qd2 Bg7 5. Bh6 O-O 6. Bxg7 Kxg7 7. O-O-O c6 8.
f3 b5 9. e3 a5 10. g4 h5 11. gxh5 Nxh5 12. e4 Be6 13. e5 Rh8 14. Nh3 Na6 15.
Ng5 Nc7 16. Be2 Bf5 17. f4 f6 18. Bxh5 Rxh5 19. Nf3 a4 20. Ne2 Be4 21. Rdf1 Qd7
22. Ng3 Rh3 23. Nxe4 dxe4 24. Ng1 Rh6 25. Ne2 f5 26. Kb1 Nd5 27. Nc3 Nb6 28.
Nd1 Nc4 29. Qc3 e6 30. b3 axb3 31. axb3 Nb6 32. Ne3 Qa7 33. Qb2 Rh3 34. Nd1 Nd5
35. Nf2 Nc3+ 36. Kc1 Rf3 37. Nd1 Rxf1 38. Rxf1 b4 39. Nxc3 bxc3 40. Qxc3 Qa1+
0-1

[Event "SPb Summer"]
[Site "St Petersburg"]
[Date "2016.08.18"]
[Round "2.45"]
[White "Zabolotnov, Evgeny"]
[Black "Timirev, Sergey"]
[Result "1-0"]
[WhiteElo "1994"]
[BlackElo "1693"]
[PlyCount "71"]
[EventDate "2016.08.17"]
[EventType "swiss"]
[EventCountry "RUS"]

1. d4 f5 2. Nf3 Nf6 3. g3 e6 4. Bg2 d5 5. O-O c6 6. c4 Be7 7. Nc3 O-O 8. Qc2
Ne4 9. Rb1 Nd7 10. b4 Ndf6 11. c5 Nxc3 12. Qxc3 Ne4 13. Qc2 Bd7 14. a4 a6 15.
Ne5 Be8 16. f3 Nf6 17. Bb2 Nd7 18. Nd3 g5 19. Rbe1 Bg6 20. Bh3 h5 21. e4 g4 22.
exf5 Bxf5 23. fxg4 hxg4 24. Bg2 Bg5 25. Qe2 Qf6 26. Kh1 Rae8 27. Nf2 Qg6 28.
Nxg4 Nf6 29. Ne5 Qh6 30. Bc1 Ne4 31. Bxe4 Bxe4+ 32. Kg1 Rxf1+ 33. Rxf1 Bxc1 34.
Ng4 Qg5 35. h4 Be3+ 36. Kh2 1-0

[Event "SPb Summer"]
[Site "St Petersburg"]
[Date "2016.08.18"]
[Round "2.46"]
[White "Divaev, Vadim"]
[Black "Bezstrakhov, Dmitry"]
[Result "1/2-1/2"]
[WhiteElo "1664"]
[BlackElo "1981"]
[PlyCount "99"]
[EventDate "2016.08.17"]
[EventType "swiss"]
[EventCountry "RUS"]

1. d4 c6 2. e4 d5 3. Nc3 dxe4 4. Nxe4 Bf5 5. Ng3 Bg6 6. Nf3 h6 7. h4 e6 8. h5
Bh7 9. Bd3 Bxd3 10. Qxd3 Nf6 11. O-O Bd6 12. Ne5 O-O 13. Qb3 Qc7 14. Re1 Nbd7
15. Nxd7 Qxd7 16. Bd2 Rfd8 17. Ne4 Nxe4 18. Rxe4 c5 19. Be3 Rac8 20. c3 Kh8 21.
Re1 c4 22. Qc2 a5 23. Qd2 f5 24. Rh4 Kh7 25. Bf4 b5 26. Rh3 b4 27. Bxd6 Qxd6
28. Rhe3 Re8 29. Qe2 bxc3 30. bxc3 Rc6 31. Re5 a4 32. d5 Rc5 33. Rxe6 Rxe6 34.
dxe6 Rc8 35. Qf3 f4 36. Qe4+ Kh8 37. e7 Re8 38. Qg6 Qd7 39. Qf7 a3 40. Qxf4 Kh7
41. Qf7 Kh8 42. f4 Kh7 43. f5 Qc6 44. f6 Qc5+ 45. Kh1 Qg5 46. Re4 Rb8 47. e8=Q
Rb1+ 48. Kh2 Rh1+ 49. Kxh1 Qxg2+ 50. Kxg2 1/2-1/2

[Event "SPb Summer"]
[Site "St Petersburg"]
[Date "2016.08.18"]
[Round "2.47"]
[White "Dubrovskiy, Vladimir"]
[Black "Levdansky, Alexey"]
[Result "1-0"]
[WhiteElo "1647"]
[BlackElo "1973"]
[PlyCount "67"]
[EventDate "2016.08.17"]
[EventType "swiss"]
[EventCountry "RUS"]

1. Nf3 Nf6 2. c4 g6 3. b4 Bg7 4. Bb2 O-O 5. g3 c6 6. Bg2 d6 7. O-O e5 8. d3 Bg4
9. Nbd2 Re8 10. h3 Bxf3 11. Bxf3 d5 12. b5 Qd7 13. bxc6 bxc6 14. Bg2 Na6 15.
Qa4 Nc7 16. Rac1 Rac8 17. cxd5 Ncxd5 18. Nc4 Nh5 19. Na5 Re6 20. h4 f5 21. Nb3
Bf8 22. Ba3 Bxa3 23. Qxa3 Rf6 24. Nc5 Qe8 25. Qxa7 Ra8 26. Qd7 Qxd7 27. Nxd7
Re6 28. Rxc6 Rxc6 29. Bxd5+ Kg7 30. Bxc6 Rxa2 31. Bf3 e4 32. dxe4 fxe4 33. Bxe4
Rxe2 34. Bf3 1-0